000 00803nam a2200253Ia 4500
003 OSt
005 20220918170753.0
006 a|||||r|||| 00| 0
007 ta
008 220917b |||||||| |||| 00| 0 eng d
020 _a9780520281370 (pbk)
_c2201.15
024 _a285,552
037 _b105500, 20/03/2015, International Book Distributors
_cTextual
040 _aARTS
_cARTS
_beng
041 _2eng
_aeng
082 _aQv, Q4
100 _aLaine James W
_931083
245 0 _aMeta religion
_b Religion and power in world history
260 _aCalifornia
_bUniversity of California Press USA
_c2014
300 _axvi,282p.
_ccm.
650 _aRELIGION
942 _hQv, Q4
_cTEXL
_2CC
999 _c135670
_d135670